Logo BPK

Biblioteka

Politechniki Koszalińskiej

Mały leksykon morski / (Rekord nr 19903)

Szczegóły MARC
000 -ETYKIETA REKORDU
podpole kontrolne o stałej długości 00499nam a2200169 i 4500
001 - NUMER KONTROLNY REKORDU
pole kontrolne bg
040 ## - ŹRÓDŁO KATALOGOWANIA
Instytucja, która utworzyła rekord BPK
041 ## - KOD JĘZYKA
Kod języka tekstu pol
080 ## - UNIWERSALNA KLASYFIKACJA DZIESIĘTNA - UKD
UKD 338.4 26(03)
008 - POLE O STAŁEJ DŁUGOŚCI - DANE KONTROLNE
podpole kontrolne o stałej długości s pl f |000 0 pol
100 1# - NAZWA OSOBOWA
Nazwa osobowa GRAJEWSKI, Ireneusz
245 #0 - TYTUŁ/ODPOWIEDZIALNOŚĆ
Tytuł Mały leksykon morski /
Pozostałe elementy strefy tytułu i oznaczenia odpowiedzialności Ireneusz Grajewski, Józef Wócicki.
260 ## - STREFA ADRESU WYDAWNICZEGO
Miejsce wydania [Warszawa] :
Nazwa wydawcy/dystrybutora Wydawn. Min. Obr. Nar.,
Data publikacji, dystrybucji/powstania dokumentu [1981].
300 ## - STREFA OPISU FIZYCZNEGO
Objętość s. 317, nlb. 3 :
Inne cechy fizyczne rys., ilustr., tabl. [w tym] nlb. kolor. 4.
700 1# - HASŁO DODATKOWE - NAZWA OSOBOWA
Nazwa osobowa WÓJCIKI, Józef
856 ## - LOKALIZACJA I DOSTĘP DO ELEKTRONICZNYCH DOKUMENTÓW ZDALNYCH
Link (URL) http://koha.tu.koszalin.pl/cgi-bin/koha/opac-detail.pl?biblionumber=19903
Tekst linku Katalog online BPK
942 ## - DODATKOWE ELEMENTY (KOHA)
Typ dokumentu Książka
Egzemplarze
Wycofany Status egzemplarza Uszkodzony Dostępność Lokalizacja stała Lokalizacja bieżąca Miejsce przechowywania Sygnatura Kod kreskowy Ostatnio wypożyczono Typ dokumentu
      Dostępny Biblioteka Politechniki Koszalińskiej Biblioteka Politechniki Koszalińskiej Wypożyczalnia BG 28058 01591965 25.02.2016 Książka
© 2023 Biblioteka Politechniki Koszalińskiej :: KOHA